Score 0/18 Timer 03:00
0 Plays Today
Movie Missing Word % Correct
There's Something _____ MaryAbout
96.9%
Charlie's ______ : Full ThrottleAngels
96.8%
My Best _______ WeddingFriend's
96.7%
What _______ in VegasHappens
93.5%
Knight and ___Day
88.5%
The ____ Supper Last
83.5%
_____ John MalkovichBeing
78.2%
Vanilla ___Sky
77.9%
Any Given ______Sunday
72.2%
Movie Missing Word % Correct
My Sister's ______Keeper
72.1%
Fear and ________ in Las VegasLoathing
68.9%
_____ of New YorkGangs
66.7%
Shrek _____ AfterForever
59.3%
In Her ______Shoes
57.5%
A ____ Less OrdinaryLife
49.2%
The ________ ThingSweetest
30.3%
Very ___ ThingsBad
20.4%
______ MinnesotaFeeling
10.5%

Today's Daily Dose

Remove Ads.
Support Sporcle.
Get the best of Sporcle when you Go Orange. This ad-free experience offers more features, more stats, and more fun while also helping to support Sporcle. Thank you for becoming a member.

You're not logged in!

Compare scores with friends on all Sporcle quizzes.
OR
Log In

Show Comments

Extras

Top Quizzes Today


Score Distribution

Your Account Isn't Verified!

In order to create a playlist on Sporcle, you need to verify the email address you used during registration. Go to your Sporcle Settings to finish the process.

Report this User

Report this user for behavior that violates our Community Guidelines.

Details: